MACROECONOMICS (Record no. 74137)
[ view plain ]
| 000 -LEADER | |
|---|---|
| fixed length control field | 00223nam a2200097Ia 4500 |
| 050 ## - LIBRARY OF CONGRESS CALL NUMBER | |
| Classification number | HB 172.5 .S54 |
| 100 ## - MAIN ENTRY--PERSONAL NAME | |
| Personal name | SLAVIN,STEPHEN L. |
| 245 #0 - TITLE STATEMENT | |
| Title | MACROECONOMICS |
| 942 ## - ADDED ENTRY ELEMENTS (KOHA) | |
| Koha item type | Long Loan Book |
| Withdrawn status | Lost status | Source of classification or shelving scheme | Damaged status | Not for loan | Collection | Home library | Current library | Shelving location | Date acquired | Inventory number | Total checkouts | Full call number | Barcode | Date last seen | Copy number | Price effective from | Koha item type |
|---|---|---|---|---|---|---|---|---|---|---|---|---|---|---|---|---|---|
| Library of Congress Classification | Business & Economics | Kisii University Library | Kisii University Library | On Display | 09/15/2023 | 36559 | HB 172.5 .S554 2008 | 000000020940 | 09/15/2023 | C.1 | 09/15/2023 | Long Loan Book |